000 01180cam a2200337 a 4500
001 13642301
003 OSt
005 20150916144000.0
008 040701s2004 enkabf b 001 0 eng
010 _a 2004300617
015 _aGBA3-U7991
020 _a0582357373
035 _a(OCoLC)ocm52990441
040 _aUKM
_cUKM
_dC#P
_dDLC
042 _alccopycat
043 _an-us---
050 0 0 _aE185.61
_b.D54 2004
082 0 4 _a323.1196073
_221
100 1 _aDierenfield, Bruce J.,
_d1951-
245 1 4 _aThe civil rights movement /
_cBruce J. Dierenfield.
260 _aHarlow, England ;
_aNew York :
_bPearson Longman,
_c2004.
300 _axi, 197 p., [4] p. of plates :
_bill., maps ;
_c24 cm.
440 0 _aSeminar studies in history
504 _aIncludes bibliographical references (p. 171-181) and index.
650 0 _aCivil rights movements
_zUnited States
_xHistory
_y20th century.
650 0 _aAfrican Americans
_xCivil rights
_xHistory
_y20th century.
651 0 _aUnited States
_xRace relations
_xHistory
_y20th century.
906 _a7
_bcbc
_ccopycat
_d2
_encip
_f20
_gy-gencatlg
942 _2lcc
_cBK
999 _c66
_d66